Vista normal
Vista MARC
Entrada Materia (reunión)
Número de registros utilizados en: 1
001 - CONTROL NUMBER
- control field: 78862
003 - CONTROL NUMBER IDENTIFIER
- control field: Co-BoUCM
005 - DATE AND TIME OF LATEST TRANSACTION
- control field: 20160818095542.0
008 - FIXED-LENGTH DATA ELEMENTS
- fixed length control field: 160818|| aca||aabn | a|a d
040 ## - CATALOGING SOURCE
- Original cataloging agency: Co-BoUCM
- Transcribing agency: Co-BoUCM
111 ## - HEADING--MEETING NAME
- Meeting name or jurisdiction name as entry element: Seminario internacional la universidad piensa la paz
- Date of meeting: (2000 :
- Location of meeting: Bogotá)
670 ## - SOURCE DATA FOUND
- Source citation: Work cat.: (Co-BoUCM)303999: Seminario internacional la universidad piensa la paz (2000 : Bogotá), La universidad piensa la paz, 2002